[Event "AUTO-INT-124"]
[Site "http://www.queenalice.com/game.php?id=91581"]
[Date "2006.8.1"]
[Round "1"]
[White "RocknRoll"]
[Black "toetapping"]
[Result "1-0"]
[WhiteElo "1621"]
[BlackElo "1186"]

1. d4 d5 2. Nf3 c6 3. Nc3 a5 4. e3 a4 5. a3 h5 6. Ne5 f6 7. Ng6 Rh6 8. Nxf8 Kxf8
9. e4 Be6 10. Bxh6 gxh6 11. exd5 Bg4 12. Be2 cxd5 13. Bxg4 hxg4 14. Qxg4 Qa5 15.
O-O Nc6 16. Ne2 e5 17. dxe5 Nxe5 18. Qd4 Ne7 19. Nf4 N7c6 20. Qxd5 Qb6 21. Qd6+
Ke8 22. Rab1 Rd8 23. Qxf6 Qc7 24. Ne6 Qb6 25. Nxd8 Kd7 26. Nxc6 Nxc6 27. Rfd1+
Kc7 28. Qxh6 Qa7 29. Qh7+ Kb6 30. b4 Nxb4 31. Rxb4+ Kc6 32. Qd7+ Kc5 33. Qd6#
1-0

[Event "AUTO-INT-124"]
[Site "http://www.queenalice.com/game.php?id=91582"]
[Date "2006.8.1"]
[Round "1"]
[White "toetapping"]
[Black "RocknRoll"]
[Result "0-1"]
[WhiteElo "1184"]
[BlackElo "1623"]

1. d4 d5 2. e3 Nf6 3. g3 g6 4. h4 Ne4 5. Rh2 Nc6 6. a4 e6 7. Be2 h5 8. Na3 a6 9.
c4 dxc4 10. Nxc4 Nb4 11. Nf3 Nd5 12. Qd3 Nd6 13. e4 Nb4 14. Qb3 Nxe4 15. Nfd2
Qxd4 16. f3 Nxd2 17. Bxd2 Qg1+ 18. Bf1 Qxh2 19. Bxb4 Bxb4+ 20. Qxb4 Qxg3+ 21.
Ke2 Qxh4 22. Rd1 Qe7 23. Qc3 O-O 24. f4 Qh4 25. Rd4 b5 26. axb5 axb5 27. Ne5
Qh2+ 28. Ke1 Ra1+ 29. Rd1 Rxd1+ 30. Kxd1 Rd8+ 31. Ke1 Bb7 32. Qxc7 Qd2# 0-1

[Event "AUTO-INT-124"]
[Site "http://www.queenalice.com/game.php?id=91595"]
[Date "2006.8.1"]
[Round "1"]
[White "dgrecu"]
[Black "toetapping"]
[Result "1-0"]
[WhiteElo "1553"]
[BlackElo "1199"]

1. e4 e5 2. Nf3 f6 3. Nc3 a6 4. Bc4 b5 5. Bxg8 Rxg8 6. O-O Nc6 7. d4 exd4 8.
Nxd4 h5 9. Nxc6 dxc6 10. Qxd8+ Kxd8 11. Re1 f5 12. exf5 Bxf5 13. Bg5+ Kd7 14.
Rad1+ Kc8 15. a4 Rh8 16. axb5 h4 17. bxc6 h3 18. Re8# 1-0

[Event "AUTO-INT-124"]
[Site "http://www.queenalice.com/game.php?id=91596"]
[Date "2006.8.1"]
[Round "1"]
[White "toetapping"]
[Black "dgrecu"]
[Result "0-1"]
[WhiteElo "1182"]
[BlackElo "1559"]

1. d4 d5 2. e3 Nc6 3. h4 Nf6 4. f3 Bf5 5. e4 dxe4 6. Nc3 exf3 7. gxf3 Nb4 8. d5
Nxc2+ 9. Kf2 Nxa1 10. Be3 Nc2 11. Bd3 Bxd3 12. Qxd3 Nxe3 13. Kxe3 e5 14. f4 Ng4+
15. Kd2 Nf2 16. Qf3 Nxh1 17. Qxh1 Bb4 18. a3 Bxc3+ 19. Kxc3 exf4 20. Qh2 Qxd5
21. Qxf4 Qc5+ 22. Kd3 Rd8+ 23. Ke4 Rd4+ 24. Kf3 Rxf4+ 25. Kxf4 Qxg1 26. b4 O-O
27. a4 Rd8 28. b5 Rd4+ 29. Ke5 f6+ 30. Ke6 Qg4+ 31. Ke7 Qe4# 0-1

[Event "AUTO-INT-124"]
[Site "http://www.queenalice.com/game.php?id=91603"]
[Date "2006.8.1"]
[Round "1"]
[White "XequeChaMate"]
[Black "toetapping"]
[Result "1-0"]
[WhiteElo "1610"]
[BlackElo "1220"]

1. d4 d5 2. c4 a5 3. Nc3 dxc4 4. e3 c6 5. Bxc4 e6 6. Nf3 h5 7. Bd2 b5 8. Be2 b4
9. Ne4 f5 10. Neg5 Rh6 11. Rc1 Nd7 12. Rxc6 Ndf6 13. Ne5 Bb7 14. Rc2 a4 15. Ngf7
Qb6 16. Nxh6 Nxh6 17. Bxh5+ Kd8 18. Bf3 Ne4 19. O-O g5 20. h3 g4 21. hxg4 fxg4
22. Nxg4 Nxd2 23. Rxd2 Ke7 24. Qe2 Nf5 25. Rc1 b3 26. a3 Ra6 27. Rd3 Nh4 28. Ne5
Nxf3+ 29. Nxf3 Qd6 30. Rdc3 Ra8 31. Rc7+ Kd8 32. Rxb7 Ra5 33. Qc4 Rh5 34. Qc8#
1-0

[Event "AUTO-INT-124"]
[Site "http://www.queenalice.com/game.php?id=91604"]
[Date "2006.8.1"]
[Round "1"]
[White "toetapping"]
[Black "XequeChaMate"]
[Result "0-1"]
[WhiteElo "1238"]
[BlackElo "1500"]

1. d4 e6 2. e3 d5 3. b3 Nf6 4. a4 c5 5. Nd2 Nc6 6. Ngf3 a6 7. h4 Qb6 8. g4 Nxg4
9. c3 Be7 10. Be2 Bd7 11. Rg1 f5 12. b4 cxb4 13. cxb4 Bxb4 14. Ng5 h5 15. Rh1
Be7 16. Rb1 Qc7 17. f3 Qg3+ 18. Kf1 Nxe3# 0-1

[Event "Challenge"]
[Site "http://www.queenalice.com/game.php?id=101753"]
[Date "2006.9.2"]
[Round "-"]
[White "toetapping"]
[Black "hugo10"]
[Result "1-0"]
[WhiteElo "1175"]
[BlackElo "1201"]

1. d4 Nc6 2. e3 e5 3. Nd2 Nb4 4. a3 Nd5 5. c4 Nb6 6. dxe5 d5 7. b3 dxc4 8. bxc4
g6 9. a4 Bg7 10. f4 f6 11. Rb1 Nxa4 12. Qc2 Nc5 13. Ba3 Nd7 14. Ne4 Bf8 15. e6
Nb6 16. c5 Nd5 17. Qa4+ c6 18. Nd6+ Ke7 19. Qe4 b6 20. Nxc8+ Rxc8 21. cxb6+ Ke8
22. Bb2 Qxb6 23. f5 Nxe3 24. Bc4 Nh6 25. Ke2 Nhxf5 26. Bxf6 Rg8 27. g4 Qa5 28.
gxf5 Rd8 29. Qxc6+ Rd7 30. exd7# 1-0

[Event "AUTO-BEG-28"]
[Site "http://www.queenalice.com/game.php?id=107286"]
[Date "2006.9.18"]
[Round "1"]
[White "marcosbratz"]
[Black "toetapping"]
[Result "1-0"]
[WhiteElo "1373"]
[BlackElo "1240"]

1. e4 e5 2. Nf3 g6 3. d4 Qe7 4. Nc3 h5 5. Nxe5 d6 6. Nf3 d5 7. Nxd5 Qxe4+ 8. Ne3
f5 9. Bd3 Qe7 10. g3 h4 11. Nxh4 Nh6 12. Nxg6 Qg7 13. Nxh8 Qxh8 14. Bb5+ c6 15.
Bc4 b5 16. Bd3 Qxd4 17. c3 Qe5 18. Qe2 Nd7 19. Qh5+ Nf7 20. Bxf5 a5 21. Bg6 Qd6
22. Bxf7+ Ke7 23. Bb3 Nf6 24. Qf7+ Kd8 25. O-O a4 26. Bc2 Nd7 27. Rd1 Qe5 28.
Bf5 c5 29. Rxd7+ Bxd7 30. Qxd7# 1-0

[Event "AUTO-BEG-28"]
[Site "http://www.queenalice.com/game.php?id=107287"]
[Date "2006.9.18"]
[Round "1"]
[White "toetapping"]
[Black "marcosbratz"]
[Result "1-0"]
[WhiteElo "1265"]
[BlackElo "1367"]

1. d4 Nf6 2. g3 e6 3. h4 d5 4. f3 Bb4+ 5. c3 Bd6 6. g4 Bg3+ 7. Kd2 Bf4+ 8. e3
Bg3 9. Ne2 Bf2 10. Rh2 Bg1 11. Nxg1 O-O 12. h5 h6 13. Qc2 Nc6 14. a4 e5 15. g5
hxg5 16. h6 g6 17. Nh3 Kh7 18. Nxg5+ Kh8 19. f4 e4 20. c4 Nb4 21. Qd1 Ng4 22.
Rh1 Nf2 23. Qb3 Nxh1 24. Qxb4 Ng3 25. Bg2 f6 26. cxd5 Bg4 27. Bxe4 Re8 28. Nf7+
Kh7 29. b3 Qd7 30. Ne5 fxe5 31. f5 gxf5 32. Qxb7 Nxe4+ 33. Kc2 exd4 34. exd4 Nf6
35. Nc3 Ne4 36. a5 Nxc3 37. Kxc3 Rf8 38. d6 f4 39. dxc7 Qd6 40. c8+=Q+ Kg6 41.
Qcxa8 Rxa8 42. Qg7+ Kh5 43. Ba3 Rc8+ 44. Kb2 Qxh6 45. Rh1+ 1-0

[Event "Challenge"]
[Site "http://www.queenalice.com/game.php?id=124361"]
[Date "2006.11.1"]
[Round "-"]
[White "azzaman333"]
[Black "toetapping"]
[Result "0-1"]
[WhiteElo "1044"]
[BlackElo "1312"]

1. Nf3 e6 2. d4 a5 3. Qd3 h5 4. Bg5 f6 5. Bf4 g5 6. Be3 g4 7. Nh4 f5 8. Ng6 Rh7
9. Nxf8 Kxf8 10. Qa3+ d6 11. Nc3 c6 12. Bf4 Kf7 13. Bxd6 Na6 14. O-O-O b5 15.
Rd3 b4 16. Qa4 Qxd6 17. Qxa5 bxc3 18. bxc3 Nf6 19. e3 Ne4 20. c4 Nxf2 21. Rb3
Nxh1 22. Bd3 Qxh2 23. Qc7+ Nxc7 24. Bf1 Qg1 25. Kd2 Qxf1 26. Kc3 Qxg2 27. Kd3
Rxa2 28. Kc3 Qxc2+ 29. Kb4 Na6# 0-1

[Event "Challenge"]
[Site "http://www.queenalice.com/game.php?id=126257"]
[Date "2006.11.7"]
[Round "-"]
[White "toetapping"]
[Black "TomBishop"]
[Result "0-1"]
[WhiteElo "1324"]
[BlackElo "1399"]

1. d4 d5 2. e3 f6 3. Nc3 e5 4. f4 e4 5. h4 g5 6. hxg5 fxg5 7. a4 gxf4 8. exf4
Ne7 9. Qh5+ Ng6 10. f5 Bxf5 11. Qxf5 Nc6 12. Qh5 Nxd4 13. Nxd5 Qd6 14. c4 Nc2+
15. Kd2 Nxa1 16. Ke2 c6 17. Kf2 cxd5 18. cxd5 Qc5+ 19. Be3 Qc2+ 20. Ne2 Bc5 21.
Rh4 Rf8+ 22. Kg1 Bxe3+ 23. Kh1 Rxf1+ 24. Kh2 Re1 25. Qxh7 Nxh4 26. Qxh4 Rxe2 27.
Qh8+ Kd7 28. Qxa8 Qc8 29. Qxc8+ Kxc8 30. Kh3 Rxb2 31. g3 Rd2 0-1

[Event "Challenge"]
[Site "http://www.queenalice.com/game.php?id=126307"]
[Date "2006.11.7"]
[Round "-"]
[White "hugo10"]
[Black "toetapping"]
[Result "1-0"]
[WhiteElo "1371"]
[BlackElo "1317"]

1. e4 a5 2. Bc4 e6 3. Qf3 f6 4. Na3 c6 5. Nh3 b5 6. Be2 b4 7. Nb1 d5 8. d4 g5 9.
O-O h5 10. b3 Ra7 11. e5 g4 12. Qd3 gxh3 13. exf6 Nxf6 14. Qg6+ Ke7 15. Bg5 Kd6
16. c4 dxc4 17. Bxf6 Qb6 18. Bxh8 c5 19. Qxh5 hxg2 20. Kxg2 cxd4 21. Qe5+ Kd7
22. bxc4 Bb7+ 23. Bf3 Ba6 24. Rd1 Bxc4 25. Rxd4+ Ke7 26. Rxc4 Nd7 27. Qg5+ Kf7
28. Rf4+ Ke8 29. Bh5# 1-0